000
00211nam a22000977a 4500
082
_a
808 HEM'I
245
_a
HEMINGWAY FOR WHON THE BELL TOLLS
260
_a
NEWYORK
_b
BANTAM
_c
1961
300
_a
502P
942
_c
BK
999
_c
583668
_d
583668